Flugziele vom Flughafen Weeze/Niederrhein (NRN) - Statistiken

Allgemein
  • Dieses Quiz wurde 126 mal gespielt
  • Das Durchschnittsergebnis liegt bei 19 aus 40
Antwortstatistiken
Land Airlines Flugziel % Korrekt
Spanien Ryanair Palma de Mallorca / PMI
87%
Spanien Ryanair Girona / GRO
86%
Spanien Ryanair Reus / REU
84%
Portugal Ryanair Porto / OPO
82%
Dänemark Ryanair Kopenhagen / CPH
81%
Kroatien Ryanair Zagreb / ZAG
81%
Türkei Freebird,SunExpress, Tailwind Antalya / AYT
77%
Marokko Ryanair Rabat / RBA
75%
Griechenland Sky Express Heraklion / HER
72%
Italien Ryanair Bergamo / BGY
71%
Griechenland Ryanair Thessaloniki / SKG
65%
Spanien Ryanair Malaga / AGP
64%
Marokko Ryanair Marrakech / RAK
64%
Spanien Ryanair Castellon / CDT
63%
Spanien Ryanair Sevilla / SVQ
60%
Spanien Ryanair Ibiza / IBZ
59%
Spanien Ryanair Alicante / ALC
57%
Griechenland Ryanair Chania / CHQ
57%
Portugal Ryanair Faro / FAO
55%
Griechenland Ryanair,Sky Express Rhodos / RHO
54%
Griechenland Sky Express Kos / KGS
51%
Italien Ryanair Bari / BRI
47%
Kroatien Ryanair Zadar / ZAD
47%
Griechenland Ryanair Korfu / CFU
46%
Spanien Ryanair Fuerteventura / FUE
42%
Vereinigtes Königreich Ryanair Edinburgh / EDI
40%
Marokko Air Arabia Maroc,Ryanair Fes / FEZ
37%
Marokko Ryanair Tangier / TNG
36%
Italien Ryanair Cagliari / CAG
35%
Marokko Ryanair Agadir / AGA
30%
Kroatien Ryanair Pula / PUY
25%
Türkei Freebird Bodrum / BJV
20%
Griechenland Sky Express Zakynthos / ZTH
18%
Marokko Ryanair Nador / NDR
14%
Italien Ryanair Ancona / AOI
13%
Italien Ryanair Pescara / PSR
11%
Marokko Ryanair Oujda / OUD
7%
Italien Ryanair Trapani / TPS
6%
Spanien Ryanair Asturias / OVD
5%
Frankreich Ryanair Béziers / BZR
5%
Keine übereinstimmenden Quizze gefunden
Verteilung der Resultate
Anzahl Personen mit jedem Resultat
Perzentil nach korrekt beantworteten Fragen
Ihre Resultats-Entwicklung
Sie haben dieses Quiz noch nicht gespielt